01629nka a2200313 i 4500001000700000003000900007005001700016007000300033008004100036100005400077245011200131246004800243260002800291300005800319490004300377520027000420530003500690600003600725650003100761650002300792655003700815655002100852655003600873700003800909830004300947852003000990856011901020856017601139103002ES-MaACL20250824093144.0t|051223q1877 sp --- | |r00 c|spa 1 aMaura Montaner, Bartolomé,d1844-1926edrmeetr11a[Testamento de Isabel la Católica] h[Material gráfico] / cE Rosales Ptó. ; B. Maura Djo y Gbo, 18771 aIsabel la Católica dictando su testamento a[S.l. : bs.n., c1877] a1 estampa : bgrabado calcográfico ; c462 x 630 mm1 aColección facticia de grabados ;v46 aGrabado que reproduce el óleo sobre lienzo "Isabel la Católica dictando su testamento", pintado en 1864 por Eduardo Rosales, depositado en el Museo del Prado. Es una escena de corte histórico y estilo academicista-realista, englobada en el periodo romántico aDisponible en formato digital 04aIsabel bI, cReina de Castilla 4aReyes y soberanos- yS.XV 7aTestamentos2embne 7aGrabados calcográficos2tgfbne 7aGrabados2tgfbne 4aReproducciones de obras de arte1 aRosales, Eduardo,d1836-1873eart 0aColección facticia de grabados ;v464 aES-MaACLcDEPO2jGF-2(46)4 uhttps://patrimoniodigital.ucm.es/s/patrimonio/item/1534119yVersión en líneaz(Patrimonio Digital Complutense)4 uhttps://www.museodelprado.es/coleccion/obra-de-arte/isabel-la-catolica-dictando-su-testamento/4a24b513-9469-4173-b4b9-af1c84b51e9dyVersión en líneaz(Museo del Prado)